Travesuras de la niña mala/ (Record no. 83177)
[ view plain ]
| 000 -LEADER | |
|---|---|
| campo de control de longitud fija | 01264cam a2200253 i 4500 |
| 001 - NÚMERO DE CONTROL | |
| campo de control | 114419 |
| 005 - FECHA Y HORA DE LA ÚLTIMA TRANSACCIÓN | |
| campo de control | 20230410130936.0 |
| 008 - DATOS DE LONGITUD FIJA--INFORMACIÓN GENERAL | |
| campo de control de longitud fija | 140211s2010 mx a 000 0 spa |
| 020 ## - NÚMERO INTERNACIONAL ESTÁNDAR DEL LIBRO | |
| Número Internacional Estándar del Libro | 9786071107619 |
| 041 0# - CÓDIGO DE IDIOMA | |
| Código de lengua del texto/banda sonora o título independiente | Spa. |
| 050 14 - SIGNATURA TOPOGRÁFICA DE LA BIBLIOTECA DEL CONGRESO | |
| Número de clasificación | PQ 8498.32 |
| Número de ítem | V297t |
| -- | 2010 |
| 100 1# - ENTRADA PRINCIPAL--NOMBRE DE PERSONA | |
| Nombre de persona | Vargas Llosa, Mario, |
| Fechas asociadas al nombre | 1936- |
| 245 10 - MENCIÓN DEL TÍTULO | |
| Título | Travesuras de la niña mala/ |
| Mención de responsabilidad, etc. | Mario Vargas Llosa. |
| 260 ## - PUBLICACIÓN, DISTRIBUCIÓN, ETC. | |
| Lugar de publicación, distribución, etc. | México D.F.: |
| Nombre del editor, distribuidor, etc. | Santillana ediciones generales, |
| Fecha de publicación, distribución, etc. | [2010] |
| 300 ## - DESCRIPCIÓN FÍSICA | |
| Extensión | 418 p.: |
| Dimensiones | 19 cm. |
| 440 #0 - MENCIÓN DE SERIE/PUNTO DE ACCESO ADICIONAL--TÍTULO | |
| Título | Punto de lectura 4/13 |
| 520 ## - RESUMEN, ETC. | |
| Sumario, etc. | "Cuál es el verdadero rostro del amor? Ricardo ve cumplido, a una edad muy temprana, el sueño que en su Lima natal alimentó desde que tenía uso de razón: vivir en Parí́s. Pero el rencuentro con un amor de adolescencia lo cambiará todo. La joven, inconformista, aventurera, pragmática y inquieta, lo arrastrará fuera del pequeño mundo de sus ambiciones. Testigos de épocas convulsas y florecientes en ciudades como Londres, París, Tokio o Madrid, ambos personajes verán sus vidas entrelazarse sin llegar a coincidir del todo"---Desde la descripción de la editorial. |
| 650 #0 - PUNTO DE ACCESO ADICIONAL DE MATERIA--TÉRMINO DE MATERIA | |
| Término de materia o nombre geográfico como elemento de entrada | Peruvian novel. |
| 650 #0 - PUNTO DE ACCESO ADICIONAL DE MATERIA--TÉRMINO DE MATERIA | |
| Término de materia o nombre geográfico como elemento de entrada | Loving novel. |
| 650 #4 - PUNTO DE ACCESO ADICIONAL DE MATERIA--TÉRMINO DE MATERIA | |
| Término de materia o nombre geográfico como elemento de entrada | Novela peruana. |
| 650 #4 - PUNTO DE ACCESO ADICIONAL DE MATERIA--TÉRMINO DE MATERIA | |
| Término de materia o nombre geográfico como elemento de entrada | Novela amorosa. |
| 942 ## - ELEMENTOS DE ENTRADA SECUNDARIOS (KOHA) | |
| Fuente del sistema de clasificación o colocación | Clasificación de Library of Congress |
| Tipo de ítem Koha | |
| 946 ## - PROCESAMIENTO DE INFORMACIÓN LOCAL (OCLC) | |
| a | dpf |
| Estatus retirado | Estado de pérdida | Fuente del sistema de clasificación o colocación | Estado de daño | No para préstamo | Colección | Biblioteca de origen | Biblioteca actual | Ubicación en estantería | Fecha de adquisición | Serial enumeration / chronology | Signatura topográfica completa | Código de barras | Visto por última vez | Copia número | Tipo de ítem Koha |
|---|---|---|---|---|---|---|---|---|---|---|---|---|---|---|---|
| Clasificación de Library of Congress | Humanidades | Biblioteca Juan Bosch | Biblioteca Juan Bosch | Humanidades (4to. Piso) | 10/04/2023 | 1 | PQ 8498.32 V297t 2010 | 00000102983 | 25/10/2018 | 1 |
